000 nam a22 7a 4500
999 _c4826
_d235330
080 _a347.73/ 733 C 28
100 _4aut
_aCataldo, Rodrigo Hernan
245 _aCuestiones modernas del Derecho de Defensa de la Competencia
300 _a111 P.
500 _aDirector de tesis:
502 _aTesis: Especializacion en Magistratura judicial()--Universidad Nacional de Mar del Plata. Facultad de Derecho. Departamento de Posgrado, 2007.
504 _aTiene Bibliograf{ia: P. 100 a 111.
650 _2IEDCYT
_adefensa de competencia
_aMercosur
_apropiedad intelectual
_aderecho comparado
945 _acd
_d2018-07-04